000 00304nam a22001337a 4500
020 _qPB.
040 _cFIZZA ISHAQ
082 _a624.2
_bNRA
100 _aRAJAGOPLAN,N.
_991616
245 _aPRESTRESSED CONCRETE /
_cN.RAJAGOPLAN.
260 _aNAROSA ;
_c2014.
300 _a486 P. ;
942 _2ddc
_cBK
999 _c589748
_d589748